PYTHON PROGRAMMING: Using problem solving approach (Record no. 6016)

MARC details
000 -LEADER
fixed length control field 00446nam a22001577a 4500
005 - DATE AND TIME OF LATEST TRANSACTION
control field 20200120151059.0
008 - FIXED-LENGTH DATA ELEMENTS--GENERAL INFORMATION
fixed length control field 200120b xxu||||| |||| 00| 0 eng d
020 ## - INTERNATIONAL STANDARD BOOK NUMBER
ISBN 978-0-19-948017-3
041 ## - LANGUAGE CODE
Language code of text/sound track or separate title eng
100 ## - MAIN ENTRY--AUTHOR NAME
Personal name THAREJA, REEMA
245 ## - TITLE STATEMENT
Title PYTHON PROGRAMMING: Using problem solving approach
Statement of responsibility, etc REEMA THAREJA
260 ## - PUBLICATION, DISTRIBUTION, ETC. (IMPRINT)
Place of publication NEW DELHI
Name of publisher OXFORD UNIVERSITY PRESS
Year of publication 2017
300 ## - PHYSICAL DESCRIPTION
Number of Pages 544p,
650 ## - SUBJECT ADDED ENTRY--TOPICAL TERM
Topical Term computer science
942 ## - ADDED ENTRY ELEMENTS (KOHA)
Koha item type Books
Holdings
Lost status Damaged status Home library Current library Shelving location Date acquired Source of acquisition Cost, normal purchase price Accession Number Koha item type
    JRU Library   SHELF-3-F 20/01/2020 PURCHESS 455.00 23591 Books